000 00570nam a2200181Ia 4500
003 GCL
008 140319s9999 xx 000 0 ara d
040 _aGCL /
_cGCL
082 0 4 _a415.1
_bع ج
100 1 _aعبدالمنعم سيد عبدالعال
245 1 0 _aجموع التصحيح والتكسير فى اللغة العربية /
_cعبدالمنعم سيد عبدالعال
260 _a[S.N] :
_bمكتبة الخانجى ،
_c1976
300 _a322 ص
490 _a
650 0 4 _aالنحو
650 0 4 _aاللغة العربية
942 _2ddc
_cBK
999 _c36781
_d36781